Normal view
MARC view
- Roberts, Nora.
Entry Personal Name
001 - CONTROL NUMBER
- control field: 12142
003 - CONTROL NUMBER IDENTIFIER
- control field: NUST
005 - DATE AND TIME OF LATEST TRANSACTION
- control field: 20180731075202.0
008 - FIXED-LENGTH DATA ELEMENTS
- fixed length control field: 180731|| aca||aabn | a|a d
040 ## - CATALOGING SOURCE
- Original cataloging agency: NUST
- Transcribing agency: NUST
100 ## - HEADING--PERSONAL NAME
- Personal name: Roberts, Nora.
- Title of a work: Dream trilogy ;
- Form subdivision: 3.
670 ## - SOURCE DATA FOUND
- Source citation: Work cat.: (NUST)234440: Roberts, Nora, author. 4521, Finding the dream /
